[Event "Montreal Mercredi 05"]
[Site "Montreal CAN"]
[Date "2017.05.31"]
[Round "4"]
[White "Huang, Qiuyu"]
[Black "Gelet, Seymour"]
[Result "1-0"]
[WhiteElo "2168"]
[BlackElo "2110"]
[WhiteFideId "-1"]
[WhiteFideId "-1"]
[PlyCount "77"]
[GameId "2160767908411526"]
[EventDate "2017.05.10"]
[EventType "swiss"]
[EventRounds "5"]
[EventCountry "CAN"]
[SourceTitle "EXT 2022"]
[Source "ChessBase"]
[SourceDate "2021.10.06"]
[SourceVersion "1"]
[SourceVersionDate "2021.10.06"]
[SourceQuality "1"]

1. e4 c5 2. Nf3 Nc6 3. d4 cxd4 4. Nxd4 Nf6 5. Nc3 e5 6. Ndb5 d6 7. Bg5 a6 8. Na3 b5 9. Nd5 Be7 10. Bxf6 Bxf6 11. c4 b4 12. Nc2 Rb8 13. Be2 Bg5 14. O-O O-O 15. Qd3 f5 16. Nde3 Ne7 17. Rad1 f4 18. Nd5 a5 19. c5 Ng6 20. c6 Qe8 21. c7 Rb7 22. Qb3 Kh8 23. Ne1 Be6 24. Nf3 Be7 25. Rc1 Qd7 26. c8=Q Rxc8 27. Rxc8+ Qxc8 28. Ba6 Nf8 29. Bxb7 Qxb7 30. Qd3 Bd8 31. Rc1 Nd7 32. Qc2 Nb8 33. a3 g5 34. axb4 g4 35. Nd2 axb4 36. Qa4 Bd7 37. Qxb4 Qxb4 38. Nxb4 Ba5 39. Ra1 1-0

[Event "Montreal Mercredi 05"]
[Site "Montreal CAN"]
[Date "2017.05.31"]
[Round "4"]
[White "Leveille, Francois"]
[Black "Ouellet, Maili-Jade"]
[Result "1-0"]
[WhiteElo "2305"]
[BlackElo "2280"]
[WhiteFideId "-1"]
[WhiteFideId "-1"]
[PlyCount "127"]
[GameId "2160767908411527"]
[EventDate "2017.05.10"]
[EventType "swiss"]
[EventRounds "5"]
[EventCountry "CAN"]
[SourceTitle "EXT 2022"]
[Source "ChessBase"]
[SourceDate "2021.10.06"]
[SourceVersion "1"]
[SourceVersionDate "2021.10.06"]
[SourceQuality "1"]

1. d4 d5 2. c4 e6 3. Nf3 Nf6 4. g3 Be7 5. Bg2 O-O 6. O-O dxc4 7. Ne5 Nc6 8. Bxc6 bxc6 9. Nxc6 Qe8 10. Nxe7+ Qxe7 11. Qa4 e5 12. dxe5 Qxe5 13. Qxc4 Be6 14. Qd3 Rad8 15. Qe3 Qh5 16. f3 Rfe8 17. Qg5 Bc4 18. Nc3 Bxe2 19. Qxh5 Nxh5 20. Rf2 Bd3 21. Bg5 Rd6 22. Rd1 h6 23. Rfd2 hxg5 24. Rxd3 Rxd3 25. Rxd3 Nf6 26. Kf2 Kf8 27. Nb5 Rb8 28. Rb3 Rb7 29. Ke3 Ke7 30. Kd3 c6 31. Nd4 Rxb3+ 32. Nxb3 Kd6 33. Kd4 Nd7 34. Nd2 f5 35. b4 Ke7 36. Nc4 Ke6 37. a3 Ke7 38. Ne5 Nb8 39. Kc5 Nd7+ 40. Nxd7 Kxd7 41. b5 cxb5 42. Kxb5 Kc7 43. Ka6 Kb8 44. h3 g6 45. f4 gxf4 46. gxf4 Ka8 47. h4 Kb8 48. Kb5 Kb7 49. Kc5 Kc7 50. Kd5 Kd7 51. a4 a5 52. Kc5 Ke6 53. Kc6 Ke7 54. Kb6 Ke6 55. Kxa5 Kd5 56. Kb5 Ke4 57. a5 Kxf4 58. a6 Kg4 59. a7 Kxh4 60. a8=Q Kg4 61. Qg2+ Kh5 62. Qh3+ Kg5 63. Qg3+ Kh5 64. Qf4 1-0

[Event "Montreal Mercredi 05"]
[Site "Montreal CAN"]
[Date "2017.05.31"]
[Round "4"]
[White "Millette, Sylvain"]
[Black "O'Connor, Michael"]
[Result "1-0"]
[WhiteElo "1741"]
[BlackElo "1765"]
[WhiteFideId "-1"]
[WhiteFideId "-1"]
[PlyCount "121"]
[GameId "2160767908411528"]
[EventDate "2017.05.10"]
[EventType "swiss"]
[EventRounds "5"]
[EventCountry "CAN"]
[SourceTitle "EXT 2022"]
[Source "ChessBase"]
[SourceDate "2021.10.06"]
[SourceVersion "1"]
[SourceVersionDate "2021.10.06"]
[SourceQuality "1"]

1. e4 e5 2. Nc3 Nc6 3. Bc4 Nf6 4. d3 Bc5 5. Nf3 d6 6. Bg5 h6 7. Bxf6 Qxf6 8. Nd5 Qd8 9. h3 Be6 10. c3 a6 11. b4 Ba7 12. a4 O-O 13. O-O Ne7 14. Qb3 c6 15. Nxe7+ Qxe7 16. b5 Bxc4 17. Qxc4 cxb5 18. axb5 Rfc8 19. Qb3 Qc7 20. bxa6 bxa6 21. Qd5 Qc6 22. Qxc6 Rxc6 23. c4 Rb8 24. Rfb1 Rcb6 25. Rxb6 Rxb6 26. c5 dxc5 27. Nxe5 Rd6 28. Nc4 Rxd3 29. Rxa6 Rd4 30. Ne3 Bb8 31. Ra8 Rd8 32. Kf1 Bc7 33. Rxd8+ Bxd8 34. Ke2 Kf8 35. Kd3 Bf6 36. Nf5 h5 37. Kc4 g6 38. Nd6 Bd4 39. f3 Ke7 40. Kd5 Bb2 41. Nb5 f6 42. g3 g5 43. f4 gxf4 44. gxf4 Bc1 45. f5 Be3 46. Nc7 Kd7 47. Ne6 c4 48. Kxc4 Kd6 49. Kd3 Bb6 50. Ke2 Ba5 51. Nf4 h4 52. Ng6 Kc5 53. Nxh4 Kd4 54. Kf3 Bd2 55. Ng6 Bh6 56. h4 Bc1 57. Nf4 Ba3 58. h5 Bf8 59. Ng6 Bh6 60. Nh8 Bg7 61. Nf7 1-0

[Event "Montreal Mercredi 05"]
[Site "Montreal CAN"]
[Date "2017.05.31"]
[Round "4"]
[White "Singher, Jean-Pierre"]
[Black "Zhong, Kevin"]
[Result "1-0"]
[WhiteElo "2001"]
[BlackElo "1905"]
[WhiteFideId "-1"]
[WhiteFideId "-1"]
[PlyCount "65"]
[GameId "2160767908411529"]
[EventDate "2017.05.10"]
[EventType "swiss"]
[EventRounds "5"]
[EventCountry "CAN"]
[SourceTitle "EXT 2022"]
[Source "ChessBase"]
[SourceDate "2021.10.06"]
[SourceVersion "1"]
[SourceVersionDate "2021.10.06"]
[SourceQuality "1"]

1. d4 d5 2. Nf3 c5 3. e3 Nc6 4. c4 e6 5. Nc3 Nf6 6. a3 Ne4 7. Bd3 Nxc3 8. bxc3 dxc4 9. Bxc4 Be7 10. O-O O-O 11. e4 cxd4 12. cxd4 Qc7 13. Bb2 Bf6 14. e5 Be7 15. Rc1 Rd8 16. Qe2 a6 17. Qe4 g6 18. Ba2 Bd7 19. h4 Rac8 20. h5 Kg7 21. d5 exd5 22. e6+ f6 23. Bxd5 Be8 24. Bxc6 Bxc6 25. Qh4 Rd5 26. Bxf6+ Bxf6 27. h6+ Kg8 28. Qxf6 Rf8 29. Qc3 Rh5 30. Rfd1 Rxf3 31. Rd8+ Rf8 32. Qh8+ Kxh8 33. Rxf8# 1-0

[Event "Montreal Mercredi 05"]
[Site "Montreal CAN"]
[Date "2017.05.31"]
[Round "4"]
[White "Tremblay, Alain"]
[Black "Lopez Linares, Lizandro"]
[Result "0-1"]
[WhiteElo "2198"]
[BlackElo "2214"]
[WhiteFideId "-1"]
[WhiteFideId "-1"]
[PlyCount "68"]
[GameId "2160767908411530"]
[EventDate "2017.05.10"]
[EventType "swiss"]
[EventRounds "5"]
[EventCountry "CAN"]
[SourceTitle "EXT 2022"]
[Source "ChessBase"]
[SourceDate "2021.10.06"]
[SourceVersion "1"]
[SourceVersionDate "2021.10.06"]
[SourceQuality "1"]

1. d4 d5 2. c4 c6 3. Nf3 Nf6 4. cxd5 cxd5 5. Qb3 Nc6 6. e3 a6 7. Nc3 Na5 8. Qc2 e6 9. Bd3 b5 10. Ne5 Bd6 11. f4 Bb7 12. O-O Rc8 13. Qe2 O-O 14. Bd2 Ne4 15. Be1 f5 16. a4 Nb3 17. Rb1 bxa4 18. Nxe4 fxe4 19. Bxa6 Qb6 20. Bxb7 Qxb7 21. Qg4 Rf5 22. Qd1 Bxe5 23. dxe5 Qb6 24. Bf2 h5 25. Qe2 Qc5 26. Rbd1 Qc4 27. Qe1 Rf7 28. Bh4 d4 29. Kh1 d3 30. Qg3 d2 31. Qf2 Qd3 32. g4 Rc1 33. f5 Rxd1 34. Rxd1 Qc2 0-1

[Event "Montreal Mercredi 05"]
[Site "Montreal CAN"]
[Date "2017.05.29"]
[Round "5"]
[White "Millette, Sylvain"]
[Black "Gauthier, Luc"]
[Result "1/2-1/2"]
[WhiteElo "1741"]
[BlackElo "1772"]
[WhiteFideId "-1"]
[WhiteFideId "-1"]
[PlyCount "69"]
[GameId "2160767908411531"]
[EventDate "2017.05.10"]
[EventType "swiss"]
[EventRounds "5"]
[EventCountry "CAN"]
[SourceTitle "EXT 2022"]
[Source "ChessBase"]
[SourceDate "2021.10.06"]
[SourceVersion "1"]
[SourceVersionDate "2021.10.06"]
[SourceQuality "1"]

1. Nf3 f5 2. e4 fxe4 3. Ng5 Nc6 4. d3 e3 5. Bxe3 e5 6. Nc3 Bb4 7. Be2 Nf6 8. O-O Bxc3 9. bxc3 O-O 10. f4 Nd5 11. Qd2 h6 12. Ne4 Nxe3 13. Qxe3 exf4 14. Rxf4 Rxf4 15. Qxf4 d5 16. Ng3 Be6 17. d4 Qd7 18. Rf1 Qe7 19. Qe3 Rf8 20. Re1 Qd6 21. Bh5 Bf7 22. Nf5 Qf6 23. Bxf7+ Rxf7 24. Rf1 Ne7 25. Ng3 Qd6 26. Rxf7 Kxf7 27. Nh5 c6 28. Qf3+ Kg8 29. Kf2 Qg6 30. Qe2 Qf5+ 31. Ke1 Qg5 32. g3 Kf7 33. Nf4 Qf5 34. Nd3 Ng6 35. Qf2 1/2-1/2

[Event "Montreal Mercredi 05"]
[Site "Montreal CAN"]
[Date "2017.06.07"]
[Round "5"]
[White "Beaulieu, Pierre"]
[Black "Singher, Jean-Pierre"]
[Result "0-1"]
[WhiteElo "1902"]
[BlackElo "2001"]
[WhiteFideId "-1"]
[WhiteFideId "-1"]
[PlyCount "62"]
[GameId "2160767908411532"]
[EventDate "2017.05.10"]
[EventType "swiss"]
[EventRounds "5"]
[EventCountry "CAN"]
[SourceTitle "EXT 2022"]
[Source "ChessBase"]
[SourceDate "2021.10.06"]
[SourceVersion "1"]
[SourceVersionDate "2021.10.06"]
[SourceQuality "1"]

1. b3 c5 2. Bb2 Nc6 3. e3 d5 4. Bb5 Bd7 5. Nf3 e6 6. Bxc6 Bxc6 7. Ne5 Qc7 8. O-O Nf6 9. f4 Be7 10. d3 b6 11. Nxc6 Qxc6 12. Nd2 O-O 13. Rf3 b5 14. Rg3 Rfd8 15. Nf3 Rac8 16. Ne5 Qb6 17. Ng4 d4 18. e4 c4 19. a4 cxb3 20. cxb3 bxa4 21. Rxa4 Nxg4 22. Qxg4 g6 23. Qd1 Bb4 24. f5 exf5 25. exf5 Re8 26. Rxb4 Qxb4 27. Kf1 Rc2 28. Ba3 Qxa3 29. Qxc2 Qa1+ 30. Kf2 Qe1+ 31. Kf3 Qf1+ 0-1

[Event "Montreal Mercredi 05"]
[Site "Montreal CAN"]
[Date "2017.06.07"]
[Round "5"]
[White "Boudreau, Daniel"]
[Black "Gelet, Seymour"]
[Result "1-0"]
[WhiteElo "2087"]
[BlackElo "2110"]
[WhiteFideId "-1"]
[WhiteFideId "-1"]
[PlyCount "86"]
[GameId "2160767908411533"]
[EventDate "2017.05.10"]
[EventType "swiss"]
[EventRounds "5"]
[EventCountry "CAN"]
[SourceTitle "EXT 2022"]
[Source "ChessBase"]
[SourceDate "2021.10.06"]
[SourceVersion "1"]
[SourceVersionDate "2021.10.06"]
[SourceQuality "1"]

1. e4 e5 2. Nf3 Nc6 3. Bb5 g6 4. Bxc6 bxc6 5. O-O Bg7 6. d3 c5 7. h3 Ne7 8. Be3 d6 9. Qd2 h6 10. a3 f5 11. Qc3 O-O 12. b4 fxe4 13. dxe4 cxb4 14. axb4 Bxh3 15. Nbd2 Qd7 16. gxh3 Qxh3 17. Nh2 Kh7 18. Qd3 g5 19. Bxa7 Qe6 20. Be3 Ng6 21. Rxa8 Rxa8 22. Kh1 d5 23. Nb3 d4 24. Bd2 Nh4 25. Nc5 Qg6 26. Qe2 Rf8 27. Qg4 Bf6 28. Nd7 Rf7 29. Nxf6+ Rxf6 30. f3 Qf7 31. Be1 Rf4 32. Qh3 Qc4 33. Ng4 h5 34. Nxe5 Qe2 35. Rg1 Rxf3 36. Qd7+ Kh6 37. Qe6+ Kh7 38. Qe7+ Kh8 39. Qe8+ Kg7 40. Rxg5+ Kf6 41. Qf8+ Ke6 42. Qg8+ Kf6 43. Qg7+ Ke6 1-0

[Event "Montreal Mercredi 05"]
[Site "Montreal CAN"]
[Date "2017.06.07"]
[Round "5"]
[White "Cloutier, Mathieu"]
[Black "Huang, Qiuyu"]
[Result "0-1"]
[WhiteElo "2180"]
[BlackElo "2168"]
[WhiteFideId "-1"]
[WhiteFideId "-1"]
[PlyCount "64"]
[GameId "2160767908411534"]
[EventDate "2017.05.10"]
[EventType "swiss"]
[EventRounds "5"]
[EventCountry "CAN"]
[SourceTitle "EXT 2022"]
[Source "ChessBase"]
[SourceDate "2021.10.06"]
[SourceVersion "1"]
[SourceVersionDate "2021.10.06"]
[SourceQuality "1"]

1. e4 c5 2. Nf3 Nc6 3. d4 cxd4 4. Nxd4 e5 5. Nb5 d6 6. N1c3 a6 7. Na3 b5 8. Nd5 Nge7 9. Be3 Nxd5 10. Qxd5 Qc7 11. c3 Be6 12. Qd2 Be7 13. Be2 O-O 14. O-O Rad8 15. f4 d5 16. f5 dxe4 17. Qe1 Bc8 18. Qg3 f6 19. h4 Bxa3 20. bxa3 Ne7 21. Bg4 Rd3 22. Qf2 Nd5 23. Rfe1 Nxe3 24. Rxe3 Qxc3 25. Rxd3 exd3 26. Rd1 Rd8 27. Kh2 Qd4 28. Qg3 e4 29. Kh3 h5 30. Bxh5 Bxf5+ 31. Bg4 Bxg4+ 32. Qxg4 Qd7 0-1

[Event "Montreal Mercredi 05"]
[Site "Montreal CAN"]
[Date "2017.06.07"]
[Round "5"]
[White "Johnson-Constantin, Mathieu"]
[Black "Jacquet, Stephane"]
[Result "1-0"]
[WhiteElo "2048"]
[BlackElo "2032"]
[WhiteFideId "-1"]
[WhiteFideId "-1"]
[PlyCount "77"]
[GameId "2160767908411535"]
[EventDate "2017.05.10"]
[EventType "swiss"]
[EventRounds "5"]
[EventCountry "CAN"]
[SourceTitle "EXT 2022"]
[Source "ChessBase"]
[SourceDate "2021.10.06"]
[SourceVersion "1"]
[SourceVersionDate "2021.10.06"]
[SourceQuality "1"]

1. e4 d6 2. d4 Nf6 3. Nc3 g6 4. Be2 Bg7 5. f4 O-O 6. Nf3 c5 7. dxc5 Qa5 8. cxd6 Nxe4 9. dxe7 Re8 10. Bd2 Nxc3 11. bxc3 Qc5 12. Rb1 Nc6 13. Rb5 Qxe7 14. Kf2 a6 15. Rd5 Be6 16. Rd3 Bxa2 17. Re1 b5 18. Bf1 Qc5+ 19. Be3 Qf5 20. Nd4 Nxd4 21. cxd4 Bc4 22. Rc3 Rxe3 23. Rcxe3 Qxf4+ 24. Qf3 Qxf3+ 25. Kxf3 Bxf1 26. Rxf1 Bxd4 27. Re7 Bf6 28. Rb7 a5 29. Ke4 Kg7 30. Rxb5 a4 31. Kd3 a3 32. c3 a2 33. Ra1 Ra3 34. Rc5 Kf8 35. Kc2 Ke7 36. Kb2 Kd6 37. Rc8 Kd7 38. Rc4 Ra5 39. Rxa2 1-0

[Event "Montreal Mercredi 05"]
[Site "Montreal CAN"]
[Date "2017.06.07"]
[Round "5"]
[White "Ouellet, Maili-Jade"]
[Black "Tremblay, Alain"]
[Result "1-0"]
[WhiteElo "2280"]
[BlackElo "2198"]
[WhiteFideId "-1"]
[WhiteFideId "-1"]
[PlyCount "95"]
[GameId "2160767908411537"]
[EventDate "2017.05.10"]
[EventType "swiss"]
[EventRounds "5"]
[EventCountry "CAN"]
[SourceTitle "EXT 2022"]
[Source "ChessBase"]
[SourceDate "2021.10.06"]
[SourceVersion "1"]
[SourceVersionDate "2021.10.06"]
[SourceQuality "1"]

1. d4 c6 2. c4 d5 3. Nf3 Nf6 4. Nc3 dxc4 5. a4 Bf5 6. Ne5 Nbd7 7. Nxc4 Qc7 8. g3 e5 9. dxe5 Nxe5 10. Bf4 Nfd7 11. Bg2 g5 12. Ne3 gxf4 13. Nxf5 O-O-O 14. Qc2 Bb4 15. O-O Kb8 16. Na2 Qa5 17. Qe4 Bd2 18. b4 Qc7 19. Rad1 Nb6 20. a5 Nc8 21. a6 fxg3 22. hxg3 h5 23. axb7 Nb6 24. Nd4 Nbc4 25. Nc1 h4 26. Ncb3 f5 27. Nxf5 hxg3 28. Nxg3 Bxb4 29. Nd4 Qh7 30. Qxh7 Rxh7 31. Nxc6+ Nxc6 32. Bxc6 Rg8 33. Rd3 Ne5 34. Be4 Rhg7 35. Rd5 Bc3 36. Rfd1 Rxg3+ 37. fxg3 Nc6 38. Rc5 Bd4+ 39. Rxd4 Nxd4 40. Kf2 Ne6 41. Rc3 Ng5 42. Bg2 Re8 43. Ke1 Nf7 44. g4 Nd6 45. g5 a5 46. Rc6 Nf5 47. Ra6 Kc7 48. Rxa5 1-0

[Event "Montreal Mercredi 05"]
[Site "Montreal CAN"]
[Date "2017.06.07"]
[Round "5"]
[White "Zheng, Richard"]
[Black "Gates, Claude-Eric"]
[Result "1-0"]
[WhiteElo "1923"]
[BlackElo "1857"]
[WhiteFideId "-1"]
[WhiteFideId "-1"]
[PlyCount "95"]
[GameId "2160767908411539"]
[EventDate "2017.05.10"]
[EventType "swiss"]
[EventRounds "5"]
[EventCountry "CAN"]
[SourceTitle "EXT 2022"]
[Source "ChessBase"]
[SourceDate "2021.10.06"]
[SourceVersion "1"]
[SourceVersionDate "2021.10.06"]
[SourceQuality "1"]

1. d4 Nf6 2. c4 e5 3. dxe5 Ng4 4. Bf4 Bb4+ 5. Nc3 Bxc3+ 6. bxc3 Nc6 7. Nf3 Qe7 8. Qd5 f6 9. exf6 Nxf6 10. Qd3 d6 11. Nd4 O-O 12. Nxc6 bxc6 13. Bg5 c5 14. Bxf6 Qxf6 15. Qf3 Bf5 16. g3 Rae8 17. h3 Qg6 18. Qd5+ Be6 19. Qd2 Bxc4 20. e3 Qe4 21. Bxc4+ Qxc4 22. O-O-O Rb8 23. Rhf1 Kh8 24. Qc2 Rb6 25. Kd2 Qd5+ 26. Kc1 Qe5 27. Kd2 Qd5+ 28. Ke1 Qc4 29. Kd2 Ra6 30. Ra1 Qd5+ 31. Ke2 Ra3 32. c4 Qf3+ 33. Kd2 Qf6 34. Rab1 Rc3 35. Qxc3 Qf5 36. h4 d5 37. Qd3 Qf6 38. cxd5 Rd8 39. e4 c6 40. Qc4 cxd5 41. exd5 Qe5 42. Kc2 h6 43. Rbe1 Qf6 44. Re6 Qf3 45. Qe4 Qf8 46. Qe5 Rb8 47. Rxh6+ Kg8 48. Qe6+ 1-0

[Event "Montreal Mercredi 05"]
[Site "Montreal CAN"]
[Date "2017.06.07"]
[Round "5"]
[White "Zhong, Kevin"]
[Black "Have, Didier"]
[Result "1-0"]
[WhiteElo "1905"]
[BlackElo "1971"]
[WhiteFideId "-1"]
[WhiteFideId "-1"]
[PlyCount "67"]
[GameId "2160767908411540"]
[EventDate "2017.05.10"]
[EventType "swiss"]
[EventRounds "5"]
[EventCountry "CAN"]
[SourceTitle "EXT 2022"]
[Source "ChessBase"]
[SourceDate "2021.10.06"]
[SourceVersion "1"]
[SourceVersionDate "2021.10.06"]
[SourceQuality "1"]

1. e4 d6 2. d4 Nf6 3. Nc3 Nbd7 4. f4 e5 5. Nf3 exd4 6. Qxd4 c6 7. Be3 d5 8. e5 Ng4 9. Bg1 Nh6 10. O-O-O Nf5 11. Qd2 Be7 12. g4 Nh6 13. h3 O-O 14. f5 f6 15. e6 Ne5 16. Qg2 Nxf3 17. Qxf3 Kh8 18. Be3 Ng8 19. h4 Qa5 20. Kb1 b5 21. Ne2 c5 22. g5 d4 23. Bd2 Qa6 24. Nf4 Bb7 25. Qh5 h6 26. gxh6 gxh6 27. Ng6+ Kg7 28. Nxf8 Bxf8 29. Rg1+ Kh8 30. Rxg8+ Kxg8 31. Qg6+ Kh8 32. Bxb5 Qxb5 33. Rg1 Bg2 34. Qxg2 1-0

[Event "Montreal Mercredi 08"]
[Site "Montreal CAN"]
[Date "2017.08.30"]
[Round "1"]
[White "Beaulieu, Pierre"]
[Black "Chang, Alexander"]
[Result "1/2-1/2"]
[WhiteElo "1829"]
[BlackElo "1829"]
[WhiteFideId "-1"]
[WhiteFideId "-1"]
[PlyCount "44"]
[GameId "2160767908347132"]
[EventDate "2017.08.30"]
[EventType "swiss"]
[EventRounds "5"]
[EventCountry "CAN"]
[SourceTitle "EXT 2022"]
[Source "ChessBase"]
[SourceDate "2021.10.06"]
[SourceVersion "1"]
[SourceVersionDate "2021.10.06"]
[SourceQuality "1"]

1. b3 Nf6 2. Bb2 e6 3. e3 d5 4. f4 Bd6 5. Nf3 O-O 6. Be2 c5 7. O-O Nc6 8. Ne5 Qc7 9. Nxc6 bxc6 10. Bxf6 gxf6 11. Bd3 f5 12. Qh5 f6 13. Nc3 Qf7 14. Qh3 Kh8 15. Rf3 Rg8 16. Rg3 Rxg3 17. Qxg3 Bd7 18. Rf1 Rg8 19. Qh3 Qg7 20. Be2 Be8 21. Kh1 Bf8 22. Rg1 Qh6 1/2-1/2

[Event "Montreal Mercredi 08"]
[Site "Montreal CAN"]
[Date "2017.08.30"]
[Round "1"]
[White "Cloutier, Mathieu"]
[Black "Saha, Ananda"]
[Result "0-1"]
[WhiteElo "2142"]
[BlackElo "2116"]
[WhiteFideId "-1"]
[WhiteFideId "-1"]
[PlyCount "124"]
[GameId "2160767908347133"]
[EventDate "2017.08.30"]
[EventType "swiss"]
[EventRounds "5"]
[EventCountry "CAN"]
[SourceTitle "EXT 2022"]
[Source "ChessBase"]
[SourceDate "2021.10.06"]
[SourceVersion "1"]
[SourceVersionDate "2021.10.06"]
[SourceQuality "1"]

1. e4 c5 2. Nf3 e6 3. d4 cxd4 4. Nxd4 a6 5. Nc3 Qc7 6. f4 Bb4 7. Bd2 Bxc3 8. Bxc3 Nf6 9. e5 Nd5 10. Bd2 d6 11. Qg4 O-O 12. O-O-O dxe5 13. fxe5 Qxe5 14. Re1 Qc7 15. Bd3 Nf6 16. Qh4 Nbd7 17. g4 Nc5 18. Be2 Nfe4 19. Be3 b5 20. Nb3 Nxb3+ 21. axb3 Bb7 22. Bd3 Rfd8 23. Kb1 Rac8 24. Re2 Rxd3 25. cxd3 Nd2+ 26. Rxd2 Bxh1 27. Qe1 Bd5 28. Qd1 Qd7 29. Rc2 Ra8 30. Rc5 a5 31. Qc2 a4 32. bxa4 bxa4 33. Rc7 Qe8 34. Qc5 h6 35. g5 hxg5 36. Bxg5 f6 37. Bd2 Qg6 38. Qe3 Qg2 39. Qg3 Qxg3 40. hxg3 Bb3 41. Kc1 Rd8 42. Rc3 Rd4 43. Be1 Rd5 44. Kd2 Rh5 45. Rc1 Rh2+ 46. Kc3 Rg2 47. Rb1 Kh7 48. Rc1 Kg6 49. Rb1 Kf5 50. Rc1 g5 51. Rb1 Rc2+ 52. Kb4 Kg4 53. Bc3 f5 54. Be5 Re2 55. d4 Kf3 56. Ka3 Ke4 57. Rc1 f4 58. gxf4 gxf4 59. Rf1 f3 60. Bg3 Ke3 61. Rc1 f2 62. Rc3+ Ke4 0-1

[Event "Montreal Mercredi 08"]
[Site "Montreal CAN"]
[Date "2017.08.30"]
[Round "1"]
[White "Gates, Claude-Eric"]
[Black "Baran, Marius"]
[Result "1/2-1/2"]
[WhiteElo "1796"]
[BlackElo "1735"]
[WhiteFideId "-1"]
[WhiteFideId "-1"]
[PlyCount "159"]
[GameId "2160767908347134"]
[EventDate "2017.08.30"]
[EventType "swiss"]
[EventRounds "5"]
[EventCountry "CAN"]
[SourceTitle "EXT 2022"]
[Source "ChessBase"]
[SourceDate "2021.10.06"]
[SourceVersion "1"]
[SourceVersionDate "2021.10.06"]
[SourceQuality "1"]

1. d4 d5 2. Bf4 Bf5 3. Nf3 Nf6 4. e3 e6 5. c3 Nbd7 6. Nbd2 Be7 7. Be2 Nh5 8. Bg3 Nxg3 9. hxg3 h6 10. Qb3 Qc8 11. c4 dxc4 12. Nxc4 O-O 13. Rc1 c6 14. Bd3 Bxd3 15. Qxd3 Qd8 16. Nce5 Nxe5 17. Nxe5 Qa5+ 18. Ke2 Qxa2 19. Qc2 Qa6+ 20. Kf3 Qb5 21. g4 f5 22. Qc4 Qxc4 23. Rxc4 Bd6 24. Nd3 fxg4+ 25. Kxg4 Rf6 26. f4 Raf8 27. Kf3 g5 28. g3 Kg7 29. Rc2 gxf4 30. gxf4 Rg6 31. Rd2 Rd8 32. Rc2 Rf8 33. Rd2 Rd8 34. Rc2 Kh7 35. Rh5 Rdg8 36. Ne5 Bxe5 37. Rxe5 Rg3+ 38. Ke4 R8g6 39. Kd3 Rh3 40. b4 a6 41. Rf2 h5 42. f5 exf5 43. Rfxf5 Kh6 44. Rf7 Rhg3 45. Ree7 h4 46. Rh7+ Kg5 47. Re5+ Kf6 48. Rxh4 R3g4 49. Rh8 Rg7 50. Rf8+ Kg6 51. Rfe8 Rg5 52. Kc4 Rxe5 53. Rxe5 Kf6 54. Kc5 Rd7 55. Re8 Rd5+ 56. Kc4 Kf7 57. Rb8 Rb5 58. Rh8 Ke6 59. e4 Kd7 60. Rh6 Kc7 61. Rh7+ Kd6 62. e5+ Ke6 63. Rh6+ Ke7 64. Rh1 Ke6 65. Ra1 Rd5 66. Rh1 Rb5 67. Rh8 Kd7 68. Rh6 Ke7 69. Rd6 a5 70. bxa5 Rxa5 71. Rh6 Rb5 72. Rd6 Ra5 73. Rh6 Rb5 74. Rh1 Ke6 75. Ra1 Rb2 76. Ra5 Rb1 77. Kc3 b5 78. Ra8 Rc1+ 79. Kd2 Rc4 80. Kd3 1/2-1/2

[Event "Montreal Mercredi 08"]
[Site "Montreal CAN"]
[Date "2017.08.30"]
[Round "1"]
[White "Jean, Robert"]
[Black "O'Connor, Michael"]
[Result "0-1"]
[WhiteElo "1788"]
[BlackElo "1758"]
[WhiteFideId "-1"]
[WhiteFideId "-1"]
[PlyCount "102"]
[GameId "2160767908347135"]
[EventDate "2017.08.30"]
[EventType "swiss"]
[EventRounds "5"]
[EventCountry "CAN"]
[SourceTitle "EXT 2022"]
[Source "ChessBase"]
[SourceDate "2021.10.06"]
[SourceVersion "1"]
[SourceVersionDate "2021.10.06"]
[SourceQuality "1"]

1. d4 d5 2. c4 e6 3. Nc3 Nf6 4. cxd5 Nxd5 5. e4 Nxc3 6. bxc3 c5 7. Nf3 g6 8. Be2 Bg7 9. O-O O-O 10. Bg5 Qc7 11. Rc1 h6 12. Bh4 Nd7 13. Bg3 Qa5 14. Qb3 Rd8 15. Bd3 Nf6 16. h3 Bd7 17. Bb1 Bc6 18. Rfe1 Nh5 19. Be5 Nf6 20. Nd2 cxd4 21. Nc4 Qb5 22. cxd4 Qxb3 23. axb3 Ne8 24. Bxg7 Kxg7 25. Red1 Nf6 26. f3 Bb5 27. g4 Rac8 28. Kf2 b6 29. Ke3 Ne8 30. Bd3 f6 31. Na3 Bxd3 32. Kxd3 Nd6 33. Rxc8 Rxc8 34. Kd2 g5 35. Rc1 Rxc1 36. Kxc1 Kf7 37. Kd2 Ke7 38. Kd3 Kd7 39. Nc4 Nxc4 40. Kxc4 a6 41. d5 Kd6 42. dxe6 Kxe6 43. Kd4 Kd6 44. Kd3 Kc5 45. Ke3 b5 46. f4 a5 47. e5 fxe5 48. f5 a4 49. Kd2 a3 50. Kc2 e4 51. f6 Kd6 0-1

[Event "Montreal Mercredi 08"]
[Site "Montreal CAN"]
[Date "2017.08.30"]
[Round "1"]
[White "Johnson-Constantin, Mathieu"]
[Black "Pomerantz, Daniel"]
[Result "1-0"]
[WhiteElo "2001"]
[BlackElo "1978"]
[WhiteFideId "-1"]
[WhiteFideId "-1"]
[PlyCount "101"]
[GameId "2160767908347136"]
[EventDate "2017.08.30"]
[EventType "swiss"]
[EventRounds "5"]
[EventCountry "CAN"]
[SourceTitle "EXT 2022"]
[Source "ChessBase"]
[SourceDate "2021.10.06"]
[SourceVersion "1"]
[SourceVersionDate "2021.10.06"]
[SourceQuality "1"]

1. e4 c5 2. Nc3 Nc6 3. g3 g6 4. Bg2 Bg7 5. Nge2 d6 6. d3 e6 7. Be3 Nge7 8. Qd2 Nd4 9. Nc1 Bd7 10. O-O O-O 11. Nd1 e5 12. f4 f5 13. c3 Ne6 14. fxe5 Bxe5 15. exf5 Nxf5 16. Bxb7 Nxe3 17. Rxf8+ Qxf8 18. Nxe3 Ng5 19. Nb3 Bh3 20. Ng2 Nf3+ 21. Bxf3 Qxf3 22. Rf1 Qb7 23. Na5 Qc7 24. Nc4 Bg7 25. Qf4 Qb7 26. Qf3 d5 27. Nd6 Qc6 28. Qf7+ Kh8 29. Qe7 d4 30. Ne4 dxc3 31. bxc3 Re8 32. Qxc5 Qxc5+ 33. Nxc5 Bxc3 34. Ne4 Bd4+ 35. Kh1 Rc8 36. Ng5 Bxg2+ 37. Kxg2 Rc2+ 38. Kh3 Be3 39. Ne6 h5 40. Rd1 g5 41. g4 hxg4+ 42. Kxg4 Rxh2 43. Kf5 Kh7 44. d4 Rxa2 45. d5 Rd2 46. Rh1+ Kg8 47. Kg6 Rxd5 48. Rb1 Bb6 49. Rf1 Bc5 50. Rf7 Rd6 51. Rf8# 1-0

[Event "Montreal Mercredi 08"]
[Site "Montreal CAN"]
[Date "2017.08.30"]
[Round "1"]
[White "Lebeau, Gilbert"]
[Black "Have, Didier"]
[Result "1-0"]
[WhiteElo "2049"]
[BlackElo "1959"]
[WhiteFideId "-1"]
[WhiteFideId "-1"]
[PlyCount "53"]
[GameId "2160767908347137"]
[EventDate "2017.08.30"]
[EventType "swiss"]
[EventRounds "5"]
[EventCountry "CAN"]
[SourceTitle "EXT 2022"]
[Source "ChessBase"]
[SourceDate "2021.10.06"]
[SourceVersion "1"]
[SourceVersionDate "2021.10.06"]
[SourceQuality "1"]

1. d4 d6 2. Nf3 f5 3. Bg5 h6 4. Bf4 g5 5. Bd2 e5 6. e4 g4 7. dxe5 fxe4 8. Nd4 dxe5 9. Nb3 Nf6 10. Nc3 Bf5 11. Qe2 c6 12. O-O-O Qc7 13. h3 Nbd7 14. hxg4 Bxg4 15. f3 exf3 16. gxf3 Bf5 17. Rh4 O-O-O 18. Be3 b6 19. Qh2 h5 20. Ba6+ Kb8 21. a4 Bh6 22. Bxh6 Rxh6 23. Rc4 Be6 24. Nb5 cxb5 25. Rxc7 Kxc7 26. Qd2 Rhh8 27. Qd6# 1-0